Sự tồn tại nghiệm của bất đẳng thức và hệ bất đẳng thức biến phân : Luận văn thạc sĩ toán học. Chuyên ngành : Giải tích

Giới thiệu sơ lược về bài toán bất đẳng thức biến phân, trình bày một số định lý điểm bất động quan trọng, các kết quả gần đây về sự tồn tại nghiệm của bất đẳng thức biến phân vector và bất đẳng thức giống biến phân vector,......

Celý popis

Uloženo v:
Podrobná bibliografie
Hlavní autor: Trần, Ngọc Thanh Bình
Médium: Kniha
Jazyk:Undetermined
Vydáno: Cần Thơ Trường Đại học Cần Thơ 2009
Témata:
Tagy: Přidat tag
Žádné tagy, Buďte první, kdo otaguje tento záznam!
Thư viện lưu trữ: Trung tâm Học liệu Trường Đại học Cần Thơ
LEADER 01424nam a2200229Ia 4500
001 CTU_157273
008 210402s9999 xx 000 0 und d
082 |a 515.64 
082 |b B312 
088 |a 60460102 
100 |a Trần, Ngọc Thanh Bình 
245 0 |a Sự tồn tại nghiệm của bất đẳng thức và hệ bất đẳng thức biến phân : 
245 0 |b Luận văn thạc sĩ toán học. Chuyên ngành : Giải tích 
245 0 |c Trần Ngọc Thanh Bình; Phan Quốc Khánh (Hướng dẫn khoa học) 
260 |a Cần Thơ 
260 |b Trường Đại học Cần Thơ 
260 |c 2009 
520 |a Giới thiệu sơ lược về bài toán bất đẳng thức biến phân, trình bày một số định lý điểm bất động quan trọng, các kết quả gần đây về sự tồn tại nghiệm của bất đẳng thức biến phân vector và bất đẳng thức giống biến phân vector,... 
650 |a Variational inequalities (Mathematics),Differential equations, Nonlinear,Nonlinear programming,Sự biến thiên bất đẳng thức,Phương trình vi phân, Không phi tuyến 
650 |x Numerical solutions,Nghiệm số 
904 |i Năm 
980 |a Trung tâm Học liệu Trường Đại học Cần Thơ